00761cam1a220022900 4500001001200000008004100012010001600053035002000069035002100089035002200110043001200132050002200144082001700166100003200183245008500215260004400300504003000344610006500374949006600439004000700505999001900512lce00607349711108s1967 mduabc b 000 0 eng  a 67022890 a(Sirsi) r110783 a(DLC) 67022890 a(UPRA)lce00607349 af-cg---0 aJX1977.2.C57bL44 a341.13/9/6751 aLefever, Ernest W.6A5745.110aUncertain mandate; politics of the U.N. Congo operationc[by] Ernest W. Lefever. aBaltimore,bJohns Hopkins Pressc[1967] aBibliography: p. 239-246.20aUnited Nations -- Zaire.zUnited Nations -- Zaire.6S32311.1 aJX1977.2.C57wlcci33729001782627mMAINp2500tBOOKlON-SHELF110783 c183866d183866